Normal view
MARC view
- Latif, Zahid
Entry Personal Name
001 - CONTROL NUMBER
- control field: 132151
003 - CONTROL NUMBER IDENTIFIER
- control field: NUST
005 - DATE AND TIME OF LATEST TRANSACTION
- control field: 20251128175929.0
008 - FIXED-LENGTH DATA ELEMENTS
- fixed length control field: 251128|| aca||aabn | a|a d
040 ## - CATALOGING SOURCE
- Original cataloging agency: NUST
- Transcribing agency: NUST
100 ## - HEADING--PERSONAL NAME
- Personal name: Latif, Zahid
670 ## - SOURCE DATA FOUND
- Source citation: Work cat.: (NUST): Latif, Zahid, Pakistan's search for peace with Afghanistan statecraft, policy and strategy/, 2025.
